000 00531nam a2200181Ia 4500
003 GCL
008 140319s9999 xx 000 0 ara d
040 _aGCL /
_cGCL
082 0 4 _a920
_bا ا
100 1 _aرياض عبدالحميد مراد
245 1 0 _aالاعلام بوفيات الاعلام /
_cرياض عبدالحميد مراد
260 _a[S.N] :
_bدار الفكر المعاصر ،
_c1991
300 _aبيروت
490 _a
650 0 4 _aالاسلام
650 0 4 _aالتاريخ
942 _2ddc
_cBK
999 _c29899
_d29899